| 000 | 003910000a22001210004500 | ||
|---|---|---|---|
| 090 |
_aAs _bSeriadas |
||
| 245 | 1 | 0 | _aNueva especie de Glyceria (Poaceae: Pooideae: Meliceae) de Colombia |
| 246 | 3 | _aNew species of Glyceria (Poaceae: Pooideae: Meliceae) from Colombia | |
| 041 | 0 | _aEspañol | |
| 100 | 1 |
_aGiraldo Cañas, Diego _910850 |
|
| 942 | _cARTICULO | ||
| 773 | 1 |
_tCaldasia _h1 _q9-13 _d2002 _g24 |
|
| 999 |
_c15380 _d15380 |
||